| 000 | 00514nam a2200217Ia 4500 | ||
|---|---|---|---|
| 003 | OSt | ||
| 005 | 20250303154525.0 | ||
| 008 | 210210b1993 xxu||||| |||| 00| 0 eng d | ||
| 040 | _cAL | ||
| 041 | _aEnglish | ||
| 082 | _a346.07 KAPE | ||
| 100 |
_aKAPOOR (N D). _9203529 |
||
| 245 | _aElements of mercantile law | ||
| 250 | _a21 | ||
| 260 |
_aND _bSultan Chand & Sons _c1993 |
||
| 300 | _a336 | ||
| 650 |
_aCommercial law _9203530 |
||
| 690 |
_aMercantile Law _9203531 |
||
| 906 | _a047637 | ||
| 942 |
_2ddc _cBK |
||
| 999 |
_c96843 _d96843 |
||